Northwest passage, (Record no. 91104)

MARC details
000 -LEADER
fixed length control field 00982cam a22002651 4500
001 - CONTROL NUMBER
control field tmp96004438
003 - CONTROL NUMBER IDENTIFIER
control field DLC
005 - DATE AND TIME OF LATEST TRANSACTION
control field 20260227112754.0
008 - FIXED-LENGTH DATA ELEMENTS--GENERAL INFORMATION
fixed length control field 021018s1937 nyub 000 1 eng
010 ## - LIBRARY OF CONGRESS CONTROL NUMBER
LC control number tmp96004438
040 ## - CATALOGING SOURCE
Original cataloging agency DLC
Transcribing agency DLC
Modifying agency DLC
050 00 - LIBRARY OF CONGRESS CALL NUMBER
Classification number PZ3.R54263
Item number No 14
Classification number PS3535.O176
100 1# - MAIN ENTRY--PERSONAL NAME
Personal name Roberts, Kenneth Lewis,
Dates associated with a name 1885-1957.
245 10 - TITLE STATEMENT
Title Northwest passage,
Statement of responsibility, etc. by Kenneth Roberts.
260 ## - PUBLICATION, DISTRIBUTION, ETC.
Place of publication, distribution, etc. Garden City, N.Y.,
Name of publisher, distributor, etc. Doubleday, Doran & company, inc.,
Date of publication, distribution, etc. 1937.
300 ## - PHYSICAL DESCRIPTION
Extent 5 p.l., 3-709, [1] p.
Dimensions 21 cm.
500 ## - GENERAL NOTE
General note Maps on lining-papers.
500 ## - GENERAL NOTE
General note "Book I of this novel appeared serially under the title of 'Rogers' rangers'."
500 ## - GENERAL NOTE
General note "First published June 25, 1937 ... reprinted Dec. 9, 1937."
651 #0 - SUBJECT ADDED ENTRY--GEOGRAPHIC NAME
Geographic name United States
General subdivision History
Chronological subdivision French and Indian War, 1754-1763
Form subdivision Fiction.
600 10 - SUBJECT ADDED ENTRY--PERSONAL NAME
Personal name Rogers, Robert,
Dates associated with a name 1731-1795
Form subdivision Fiction.
610 20 - SUBJECT ADDED ENTRY--CORPORATE NAME
Corporate name or jurisdiction name as entry element Rogers' Rangers
Form subdivision Fiction.
655 #7 - INDEX TERM--GENRE/FORM
Genre/form data or focus term Historical fiction.
Source of term gsafd
655 #7 - INDEX TERM--GENRE/FORM
Genre/form data or focus term War stories.
Source of term gsafd

No items available.

Powered by Koha